000 00711nam a2200217Ia 4500
001 5122
003 AR-BaAGN
005 20231116145118.0
007 ta
008 211213s1939 ag |||||||||||||| ||spa d
040 _dAR-BaAGN
_aAR-BaAGN
_bspa
_eaacr
100 1 _aScalabrini Ortiz, Raúl,
_d1898-1959
_94970
245 1 0 _aHistoria del primer empréstito argentino :
_bconferencia pronunciada en F.O.R.J.A.
_cRaúl Scalabrini Ortíz
260 _aBuenos Aires :
_b[F.O.R.J.A.],
_c1939.
300 _a[31] páginas
336 _2rdacontent
_btxt
337 _2rdamedia
_bn
338 _2rdacarrier
_bnc
490 _aCuadernos de F.O.R.J.A., Fuerza de Orientación Radical de la Joven Argentina ;
_v8
942 _cLIBRO
999 _c5122
_d5122